000 00344nam a2200145 a 4500
005 20140414131844.0
008 100524s19uu xx 00 eng d
050 _aM 155.4
_bB84 1998
100 _aBryant-Mole, Karen
245 _aI'm happy.
260 _c1998.
650 _aHappy
_xJuvenile literature
999 _c109856
_d109856